Técnicas de reuniones de trabajo / (Record no. 55759)

MARC details
000 -CABECERA
campo de control de longitud fija 00642nam a2200193 a 4500
005 - FECHA Y HORA DE LA ÚLTIMA TRANSACCIÓN
campo de control 20240215063715.0
008 - ELEMENTOS DE LONGITUD FIJA--INFORMACIÓN GENERAL
campo de control de longitud fija 991125s1989 ag 000 0 spa u
020 ## - NÚMERO INTERNACIONAL NORMALIZADO PARA LIBROS
Número Internacional Estándar del Libro 9505821522
035 ## - NÚMERO DE CONTROL DEL SISTEMA
Número de control de sistema UPN01000055759
049 ## - COLECCIÓN
Colección CG
050 #4 - SIGNATURA TOPOGRÁFICA DE LA BIBLIOTECA DEL CONGRESO
Número de clasificación H62
Número de documento/Ítem A5.8
100 1# - ASIENTO PRINCIPAL--NOMBRE PERSONAL
Nombre de persona Ander-Egg, Ezequiel,
Fechas asociadas al nombre 1930-
9 (RLIN) 28724
245 10 - MENCIÓN DE TÍTULO
Título Técnicas de reuniones de trabajo /
Mención de responsabilidad, etc. Ezequiel Ander-Egg.
260 ## - PUBLICACIÓN, DISTRIBUCIÓN, ETC.
Lugar de publicación, distribución, etc. Buenos Aires :
Nombre del editor, distribuidor, etc. Hvmanitas,
Fecha de publicación, distribución, etc. 1989.
300 ## - DESCRIPCIÓN FÍSICA
Extensión 102 p. :
Otras características físicas il.
440 #0 - MENCIÓN DE SERIE/ASIENTO SECUNDARIO--TÍTULO
Título Obras completas Ezequiel Ander Egg ;
Designación de volumen o secuencia 23
Nombre de parte o sección de la obra Cuestiones en torno a métodos y técnicas del trabajo social
650 #4 - ASIENTO SECUNDARIO DE MATERIA - TERMINO TEMATICO
Término de materia o nombre geográfico como elemento de entrada Ciencias sociales
Subdivisión general Investigación
9 (RLIN) 7497
905 ## - TIPO DE MATERIAL
Tipo de material Libro
Holdings
Estado de retiro Estado de pérdida Fuente del sistema de clasificación o colocación Estado dañado No para préstamo Código de colección Localización permanente Ubicación/localización actual Ubicación en estantería Total de préstamos Clasificación Código de barras Fecha visto por última vez Número de copia Tipo de ítem Koha
    Library of Congress Classification     Colección General Bib. Gregorio Torres Quintero Bib. Gregorio Torres Quintero Planta baja 5 H62 A5.8 93318 31/12/2020 1 Libro
    Library of Congress Classification     Colección General Bib. Gregorio Torres Quintero Bib. Gregorio Torres Quintero Planta baja 3 H62 A5.8 93319 31/12/2020 1 Libro
    Library of Congress Classification     Colección General Bib. Gregorio Torres Quintero Bib. Gregorio Torres Quintero Planta baja 2 H62 A5.8 93320 31/12/2020 1 Libro